[Event "XIV Open"]
[Site "Condino ITA"]
[Date "2014.07.23"]
[Round "4"]
[White "Davi, Alessandro"]
[Black "Bini, Massimo"]
[WhiteElo "2130"]
[BlackElo "1995"]
[Result "1-0"]
[PlyCount "47"]
[EventDate "2014.07.20"]

1. d4 d5 2. Nf3 Bf5 3. e3 e6 4. c4 c6 5. Nc3 Nd7 6. Bd2 Ngf6 7. Nh4 Bg4 8. f3
Bh5 9. g3 Be7 10. Be2 c5 11. cxd5 cxd4 12. dxe6 dxc3 13. exd7+ Nxd7 14. Bxc3
Bxh4 15. Qd5 Bg6 16. Rd1 Qe7 17. gxh4 Qxh4+ 18. Kf1 Qh3+ 19. Kf2 Bf5 20. Bb5
O-O-O 21. Ba6 bxa6 22. Qc6+ Kb8 23. Rxd7 Qh4+ 24. Ke2 1-0

[Event "XII Festival A"]
[Site "Amantea ITA"]
[Date "2014.09.07"]
[Round "1"]
[White "Arnetta, Maria Teresa"]
[Black "Bruno, Fabio"]
[WhiteElo "2015"]
[BlackElo "2436"]
[Result "0-1"]
[PlyCount "140"]
[EventDate "2014.09.07"]

1. e4 c5 2. c3 d5 3. exd5 Qxd5 4. d4 Nf6 5. Nf3 Nc6 6. Na3 Bg4 7. Be2 e6 8. O-O
cxd4 9. Nb5 Rc8 10. Nbxd4 Nxd4 11. Nxd4 Bxe2 12. Qxe2 Be7 13. Rd1 a6 14. Be3
O-O 15. Nf3 Qh5 16. Bg5 Rc7 17. Rd3 h6 18. Bxf6 Bxf6 19. Rad1 Qb5 20. Qd2 Qa5
21. a3 Qa4 22. Qe2 Qb3 23. g3 b5 24. Ne5 Rfc8 25. R1d2 Bg5 26. f4 Be7 27. Qd1
Qxd1+ 28. Rxd1 g5 29. fxg5 hxg5 30. Kg2 Rc5 31. Nd7 Rf5 32. g4 Rf4 33. h3 Kg7
34. Ne5 Rc5 35. Nf3 Bf6 36. Rd7 a5 37. Rb7 b4 38. axb4 axb4 39. Rxb4 Rxb4 40.
cxb4 Rb5 41. b3 Rxb4 42. Rd3 Re4 43. Kf2 Kg6 44. Rd7 Rb4 45. Rd3 Bb2 46. Ke2
Bc1 47. Kd1 Bf4 48. Kc2 Rb8 49. Rc3 Kf6 50. Rc5 Rh8 51. b4 Rxh3 52. Ne1 Ke7 53.
b5 Rh8 54. Kb3 Kd6 55. Kc4 Be3 56. Rc6+ Kd7 57. Nd3 f6 58. Ra6 Rc8+ 59. Kb4
Bd2+ 60. Ka4 Rc4+ 61. Kb3 Rc3+ 62. Kb2 Rxd3 63. Ra7+ Ke8 64. b6 Bf4 65. Rh7 Rd7
66. Rh8+ Ke7 67. Rh7+ Kd6 68. Rh8 Kc6 69. Re8 Rd6 70. Rb8 Rd2+ 0-1

[Event "XII Festival A"]
[Site "Amantea ITA"]
[Date "2014.09.07"]
[Round "1"]
[White "David, Alberto"]
[Black "Gregori, Giacomo"]
[WhiteElo "2548"]
[BlackElo "2080"]
[Result "1-0"]
[PlyCount "77"]
[EventDate "2014.09.07"]

1. e4 d6 2. d4 Nf6 3. Nc3 c6 4. a4 a5 5. f4 Na6 6. Bc4 Nb4 7. Bb3 Bg4 8. Nf3 e6
9. h3 Bxf3 10. Qxf3 d5 11. e5 Nd7 12. O-O g6 13. Ne2 c5 14. c3 Nc6 15. Kh1 Qb6
16. c4 dxc4 17. Bxc4 cxd4 18. Ng3 Bg7 19. Ne4 O-O 20. b3 Nb4 21. Bb2 Rac8 22.
Rad1 Nc2 23. Qe2 Rxc4 24. bxc4 Qxb2 25. Rf2 Qb4 26. Qxc2 Nc5 27. Rxd4 Qe1+ 28.
Kh2 Qe3 29. Qc3 Qxc3 30. Nxc3 g5 31. g3 f6 32. fxg5 fxe5 33. Rxf8+ Kxf8 34. Rh4
e4 35. Nxe4 Nxa4 36. c5 Nb2 37. Rf4+ Kg8 38. Nf6+ Kh8 39. Rd4 1-0

[Event "XII Festival A"]
[Site "Amantea ITA"]
[Date "2014.09.07"]
[Round "1"]
[White "Favaloro, Andrea"]
[Black "Sumets, Andrey"]
[WhiteElo "2082"]
[BlackElo "2618"]
[Result "0-1"]
[PlyCount "100"]
[EventDate "2014.09.07"]

1. e4 e6 2. d4 d5 3. Nc3 Nf6 4. Bg5 dxe4 5. Nxe4 Nbd7 6. Nf3 h6 7. Nxf6+ Nxf6
8. Bh4 c5 9. Bc4 a6 10. dxc5 Bxc5 11. O-O Qxd1 12. Raxd1 b5 13. Bb3 Bb7 14. Ne5
g5 15. Bg3 Ke7 16. Rd2 Rhd8 17. Rfd1 Rxd2 18. Rxd2 Rc8 19. Kf1 Ba7 20. f3 a5
21. a4 b4 22. Bf2 Bxf2 23. Kxf2 Bd5 24. Bxd5 Nxd5 25. b3 Nb6 26. Ke2 h5 27. Kf2
f6 28. Nd3 e5 29. Ke2 Ke6 30. g3 Rc3 31. Nf2 Nd5 32. Nd1 Rc8 33. Nb2 Nb6 34.
Nd1 f5 35. Nf2 Nd5 36. h3 h4 37. g4 Nf4+ 38. Ke1 Rc3 39. gxf5+ Kxf5 40. Rd8
Rxf3 41. Ra8 Re3+ 42. Kf1 Nxh3 43. Nxh3 Rxh3 44. Rxa5 Rh2 45. Rc5 g4 46. a5 h3
47. a6 Rh1+ 48. Kf2 Ra1 49. Kg3 Rxa6 50. Rc4 Rh6 0-1

[Event "XII Festival A"]
[Site "Amantea ITA"]
[Date "2014.09.07"]
[Round "1"]
[White "Forlano, Luigi"]
[Black "Collutiis, Duilio"]
[WhiteElo "2027"]
[BlackElo "2476"]
[Result "0-1"]
[PlyCount "48"]
[EventDate "2014.09.07"]

1. d4 Nf6 2. Bg5 Ne4 3. Bf4 c5 4. f3 Qa5+ 5. c3 Nf6 6. d5 Qb6 7. Bc1 e6 8. e4
Bd6 9. c4 O-O 10. Nc3 Be5 11. Nge2 exd5 12. exd5 Re8 13. Na4 Qb4+ 14. Kf2 Qxc4
15. Nf4 Qd4+ 16. Be3 Qxd1 17. Rxd1 d6 18. h4 Na6 19. g4 Nc7 20. Nc3 Bxg4 21.
Nb5 Nxb5 22. Bxb5 Bd7 23. Bxd7 Nxd7 24. Nd3 Bg3+ 0-1

[Event "XII Festival A"]
[Site "Amantea ITA"]
[Date "2014.09.07"]
[Round "1"]
[White "Grasso, Gaetano"]
[Black "Horvath, Csaba"]
[WhiteElo "2077"]
[BlackElo "2537"]
[Result "0-1"]
[PlyCount "70"]
[EventDate "2014.09.07"]

1. b4 d5 2. Bb2 Nf6 3. e3 c6 4. c4 Bf5 5. Nf3 e6 6. Qb3 a5 7. b5 a4 8. Qc3 cxb5
9. c5 Nbd7 10. Ne5 b4 11. Qxb4 Bxc5 12. Qb5 O-O 13. g4 Be4 14. Rg1 Nxe5 15.
Bxe5 Nd7 16. Bg3 d4 17. Bg2 Ra5 18. Qb2 Bxg2 19. Rxg2 Qf6 20. g5 Qf3 21. Rg1 e5
22. Qc2 Be7 23. Qd1 Qxd1+ 24. Kxd1 Rc8 25. f4 dxe3 26. dxe3 Rd5+ 27. Nd2 Nb6
28. Ke2 Rc2 29. Rgd1 Nc4 30. Be1 b5 31. a3 exf4 32. exf4 Bxa3 33. h4 g6 34. h5
gxh5 35. f5 Bb2 0-1

[Event "XII Festival A"]
[Site "Amantea ITA"]
[Date "2014.09.07"]
[Round "1"]
[White "Horvath, Jozsef"]
[Black "Fabiano, Giuseppe"]
[WhiteElo "2514"]
[BlackElo "2042"]
[Result "1-0"]
[PlyCount "31"]
[EventDate "2014.09.07"]

1. e4 e5 2. Nf3 d6 3. d4 f5 4. Nc3 exd4 5. Nxd4 fxe4 6. Nxe4 Nf6 7. Bd3 c5 8.
Qe2 Nxe4 9. Bxe4 Be7 10. Qh5+ Kf8 11. Bxb7 cxd4 12. Bxa8 Nd7 13. Bf4 Nf6 14.
Qb5 a6 15. Qa4 d5 16. O-O 1-0

[Event "XII Festival A"]
[Site "Amantea ITA"]
[Date "2014.09.07"]
[Round "1"]
[White "Libiszewski, Fabien"]
[Black "Valguarnera, Girolamo"]
[WhiteElo "2531"]
[BlackElo "2063"]
[Result "1-0"]
[PlyCount "87"]
[EventDate "2014.09.07"]

1. e4 c5 2. Nf3 d6 3. d4 cxd4 4. Qxd4 Nc6 5. Bb5 Bd7 6. Bxc6 Bxc6 7. Nc3 Nf6 8.
Bg5 e5 9. Qd3 a6 10. O-O-O h6 11. Bxf6 Qxf6 12. Nd5 Bxd5 13. Qxd5 Be7 14. Qxb7
O-O 15. Rhe1 a5 16. a4 Rfb8 17. Qd7 g6 18. Rd5 Bf8 19. Rb5 Qf4+ 20. Kb1 Rd8 21.
Qb7 Qg4 22. Rg1 Rab8 23. Qd5 Rxb5 24. axb5 Rb8 25. c4 Qf4 26. h3 Qf6 27. Rd1
Qe7 28. Ne1 Qa7 29. Nd3 Rc8 30. Rc1 Qb6 31. Rc3 h5 32. Kc2 Be7 33. Kd1 Bf8 34.
Ke2 Be7 35. Kf1 Kg7 36. Ra3 Rf8 37. b4 axb4 38. Nxb4 Bh4 39. g3 Bg5 40. Ra6 Qb8
41. h4 Bf6 42. Rxd6 Qc8 43. Rd7 Kh6 44. b6 1-0

[Event "XII Festival A"]
[Site "Amantea ITA"]
[Date "2014.09.07"]
[Round "1"]
[White "Movileanu, Daniela"]
[Black "Rasmussen, Allan Stig"]
[WhiteElo "2051"]
[BlackElo "2517"]
[Result "0-1"]
[PlyCount "78"]
[EventDate "2014.09.07"]

1. e4 c6 2. d4 d5 3. e5 Bf5 4. h4 c5 5. dxc5 Qc7 6. Nf3 e6 7. Be3 Bxc5 8. Bxc5
Qxc5 9. c3 Nc6 10. Nbd2 Nge7 11. h5 Qb6 12. Nb3 Bg4 13. Qd3 Qc7 14. Nbd4 Bxf3
15. Nxf3 Nxe5 16. Qb5+ N7c6 17. Nxe5 Qxe5+ 18. Be2 Rb8 19. Rh3 O-O 20. Kf1 Rfd8
21. Rd1 Qc7 22. Qc5 Qe7 23. Qe3 e5 24. Bd3 Rd6 25. Bc2 Rbd8 26. Qe2 e4 27. Re3
Ne5 28. b3 f5 29. Qb5 Rb6 30. Qe2 Qc7 31. Qd2 Rbd6 32. Rg3 Qf7 33. Qf4 Qf6 34.
b4 h6 35. Bb3 Kh7 36. Rh3 d4 37. c4 d3 38. Re3 Rd4 39. Rc1 Ng4 0-1

[Event "XII Festival A"]
[Site "Amantea ITA"]
[Date "2014.09.07"]
[Round "1"]
[White "Valsecchi, Alessio"]
[Black "Marzaduri, Riccardo"]
[WhiteElo "2438"]
[BlackElo "2018"]
[Result "1-0"]
[PlyCount "49"]
[EventDate "2014.09.07"]

1. d4 e6 2. Nf3 Nf6 3. Nc3 d5 4. Bg5 Nc6 5. e3 a6 6. Ne5 Be7 7. f4 h6 8. Bh4
O-O 9. Bd3 Nxe5 10. fxe5 Nd7 11. Bxe7 Qxe7 12. Ne2 Qb4+ 13. c3 Qxb2 14. O-O Qa3
15. Bc2 Rd8 16. Rf3 Nf8 17. Rg3 Kh8 18. Nf4 Qe7 19. Nh5 g6 20. Qf3 Nh7 21. Qf4
Qf8 22. Nf6 Qg7 23. Rf1 Nxf6 24. exf6 Qf8 25. Bxg6 1-0

[Event "XII Festival A"]
[Site "Amantea ITA"]
[Date "2014.09.07"]
[Round "1"]
[White "Varriale, Luca"]
[Black "Delorme, Axel"]
[WhiteElo "2037"]
[BlackElo "2505"]
[Result "0-1"]
[PlyCount "56"]
[EventDate "2014.09.07"]

1. d4 Nf6 2. c4 e6 3. Nc3 Bb4 4. a3 Bxc3+ 5. bxc3 O-O 6. e3 c5 7. Bd3 Nc6 8.
Ne2 b6 9. O-O Ba6 10. e4 Ne8 11. Ng3 Na5 12. f4 cxd4 13. cxd4 Bxc4 14. Bxc4
Nxc4 15. f5 f6 16. Rf4 b5 17. Rh4 Qb6 18. Kh1 Rc8 19. Nh5 e5 20. dxe5 fxe5 21.
Bg5 h6 22. Be7 Rf7 23. f6 Qd4 24. Qe1 Ne3 25. Rb1 Rc2 26. Rh3 Qxe4 27. Rg3 Re2
28. Qc1 Nxg2 0-1

[Event "XII Festival A"]
[Site "Amantea ITA"]
[Date "2014.09.07"]
[Round "1"]
[White "Vovk, Andrey"]
[Black "Carbone, Stefano"]
[WhiteElo "2625"]
[BlackElo "2082"]
[Result "1/2-1/2"]
[PlyCount "66"]
[EventDate "2014.09.07"]

1. e4 d5 2. exd5 Qxd5 3. Nc3 Qd6 4. d4 Nf6 5. Nb5 Qb6 6. c4 c6 7. Nc3 Bf5 8.
Nf3 e6 9. Be2 Be7 10. O-O O-O 11. Nh4 Bg6 12. Nxg6 hxg6 13. a3 Rd8 14. Be3 Qc7
15. Rc1 Nbd7 16. b4 a5 17. Qb3 axb4 18. axb4 Qb6 19. Rb1 Qa6 20. Qc2 Rdc8 21.
Rfd1 b5 22. cxb5 cxb5 23. Qd2 Nb6 24. Bg5 Nc4 25. Qd3 Qb6 26. Rb3 Ra7 27. h4
Rd7 28. Nxb5 Qxb5 29. Rc1 Rdc7 30. Rbc3 Qxb4 31. Rxc4 Rxc4 32. Rxc4 Rxc4 33.
Qxc4 Qe1+ 1/2-1/2

[Event "XII Festival A"]
[Site "Amantea ITA"]
[Date "2014.09.08"]
[Round "2"]
[White "Bruno, Fabio"]
[Black "Damia, Angelo"]
[WhiteElo "2436"]
[BlackElo "2209"]
[Result "0-1"]
[PlyCount "42"]
[EventDate "2014.09.07"]

1. Nf3 d6 2. c4 g6 3. Nc3 Bg7 4. d4 f5 5. g3 Nf6 6. Bg2 O-O 7. O-O Qe8 8. d5 a5
9. e4 fxe4 10. Ng5 Na6 11. Ngxe4 Nxe4 12. Nxe4 e5 13. dxe6 Bxe6 14. Ng5 Bxc4
15. Bxb7 Bxf1 16. Qxf1 Nb4 17. Bxa8 Qxa8 18. a3 Nd5 19. Qh3 h6 20. Qe6+ Kh8 21.
Nh3 Re8 0-1

[Event "XII Festival A"]
[Site "Amantea ITA"]
[Date "2014.09.08"]
[Round "2"]
[White "Calzetta Ruiz, Monica"]
[Black "Valsecchi, Alessio"]
[WhiteElo "2227"]
[BlackElo "2438"]
[Result "1-0"]
[PlyCount "87"]
[EventDate "2014.09.07"]

1. e4 d6 2. d4 Nf6 3. Nc3 e5 4. Nf3 Nbd7 5. Bc4 Be7 6. O-O O-O 7. Re1 c6 8. a4
exd4 9. Nxd4 Ne5 10. Bf1 Re8 11. h3 Bd7 12. g3 Bf8 13. Bg2 a5 14. f4 Qb6 15.
Kh2 Rad8 16. fxe5 dxe5 17. Nb3 Bxh3 18. Be3 Qb4 19. Qe2 Bg4 20. Bf3 h5 21. Rad1
Rxd1 22. Rxd1 b5 23. axb5 cxb5 24. Nd5 Nxd5 25. Rxd5 a4 26. Bxg4 hxg4 27. Bd2
Qe7 28. Nc5 f5 29. Nd7 fxe4 30. Qxg4 Qf7 31. Be3 b4 32. Rd2 Rd8 33. Kg1 a3 34.
bxa3 bxa3 35. Nxe5 a2 36. Nxf7 Rxd2 37. Nh6+ Kh8 38. Nf7+ Kg8 39. Nh6+ Kh8 40.
Bxd2 a1=Q+ 41. Kg2 gxh6 42. Qc8 Qa3 43. Bc3+ Kh7 44. Qf5+ 1-0

[Event "XII Festival A"]
[Site "Amantea ITA"]
[Date "2014.09.08"]
[Round "2"]
[White "Collutiis, Duilio"]
[Black "Sardo, Gabriele"]
[WhiteElo "2476"]
[BlackElo "2229"]
[Result "1-0"]
[PlyCount "51"]
[EventDate "2014.09.07"]

1. g3 d5 2. Nf3 Nf6 3. c4 c6 4. Bg2 Bf5 5. cxd5 cxd5 6. Qb3 Nc6 7. Qxb7 Bd7 8.
Qb3 e5 9. d3 Rb8 10. Qd1 Bc5 11. O-O e4 12. dxe4 dxe4 13. Ng5 Qe7 14. Nc3 e3
15. Nge4 Nxe4 16. Nxe4 exf2+ 17. Kh1 Bd4 18. Bf4 O-O 19. Bxb8 Rxb8 20. e3 Bxb2
21. Rb1 Be5 22. Rxb8+ Bxb8 23. Rxf2 Ne5 24. Rb2 Bc7 25. Rb7 Bc6 26. Rxa7 1-0

[Event "XII Festival A"]
[Site "Amantea ITA"]
[Date "2014.09.08"]
[Round "2"]
[White "Delorme, Axel"]
[Black "Bove, Alessandro"]
[WhiteElo "2505"]
[BlackElo "2302"]
[Result "1/2-1/2"]
[PlyCount "56"]
[EventDate "2014.09.07"]

1. d4 Nf6 2. g3 g6 3. Bg2 Bg7 4. e4 d6 5. Nc3 O-O 6. Nge2 Na6 7. h3 c5 8. Be3
cxd4 9. Bxd4 e5 10. Be3 Be6 11. Qd2 Qa5 12. O-O Rfd8 13. Rfd1 Nc5 14. Nd5 Qxd2
15. Nxf6+ Bxf6 16. Rxd2 Rdc8 17. Nc3 Be7 18. a4 Rc6 19. Nd5 Bxd5 20. Rxd5 Rb6
21. b3 Rc6 22. a5 Rc7 23. h4 Kg7 24. f3 Na6 25. Rd2 Rc3 26. Bf2 Nb4 27. Ra4
Nxc2 28. Rc4 Nd4 1/2-1/2

[Event "XII Festival A"]
[Site "Amantea ITA"]
[Date "2014.09.08"]
[Round "2"]
[White "Estremera Panos, Sergio"]
[Black "Libiszewski, Fabien"]
[WhiteElo "2366"]
[BlackElo "2531"]
[Result "1/2-1/2"]
[PlyCount "42"]
[EventDate "2014.09.07"]

1. d4 Nf6 2. c4 d6 3. Nf3 g6 4. Nc3 Bf5 5. Nh4 Bd7 6. e4 Bg7 7. Nf3 O-O 8. h3
e5 9. dxe5 dxe5 10. Be3 Nc6 11. Be2 Re8 12. Qd2 Qc8 13. Rd1 Nd8 14. c5 Bc6 15.
Qc2 a5 16. Bc4 Nh5 17. Ng5 Bd7 18. Qd2 Be6 19. Nxe6 Nxe6 20. Qd7 Nhf4 21. O-O
Rd8 1/2-1/2

[Event "XII Festival A"]
[Site "Amantea ITA"]
[Date "2014.09.08"]
[Round "2"]
[White "Horvath, Csaba"]
[Black "Solomon, Kenny"]
[WhiteElo "2537"]
[BlackElo "2378"]
[Result "1-0"]
[PlyCount "45"]
[EventDate "2014.09.07"]

1. c4 e5 2. g3 Nf6 3. Bg2 d5 4. cxd5 Nxd5 5. Nc3 Nb6 6. e3 Be7 7. Nge2 O-O 8.
O-O Na6 9. f4 exf4 10. Nxf4 c6 11. d4 c5 12. b3 Nb4 13. Bb2 cxd4 14. exd4 Nc6
15. d5 Ne5 16. Ne4 Bd6 17. a4 Bg4 18. Qd4 Re8 19. a5 Nc8 20. Nd3 Bb8 21. d6 f6
22. Nxf6+ gxf6 23. Nxe5 1-0

[Event "XII Festival A"]
[Site "Amantea ITA"]
[Date "2014.09.08"]
[Round "2"]
[White "Meertens, Martin"]
[Black "Drasko, Milan"]
[WhiteElo "2140"]
[BlackElo "2434"]
[Result "1/2-1/2"]
[PlyCount "76"]
[EventDate "2014.09.07"]

1. e4 e6 2. Qe2 Be7 3. Nf3 d5 4. d3 Nf6 5. c3 O-O 6. Qc2 b6 7. Be2 Bb7 8. Nbd2
c5 9. O-O Qc7 10. Re1 Nc6 11. Bf1 Rac8 12. a3 Rfd8 13. b3 Ng4 14. h3 Nge5 15.
Bb2 Nxf3+ 16. Nxf3 Ne5 17. Nxe5 Qxe5 18. c4 Qc7 19. g3 dxe4 20. dxe4 Rd7 21.
Rad1 Rcd8 22. Bg2 Qc6 23. Rxd7 Qxd7 24. Bc3 f6 25. Re2 Qd1+ 26. Qxd1 Rxd1+ 27.
Re1 Rd3 28. Rc1 Kf7 29. Bf1 Rd7 30. Re1 g5 31. f3 Bd8 32. Be2 Bc7 33. Kf2 f5
34. e5 Ke8 35. Rd1 Rg7 36. b4 h5 37. h4 gxh4 38. gxh4 f4 1/2-1/2

[Event "XII Festival A"]
[Site "Amantea ITA"]
[Date "2014.09.08"]
[Round "2"]
[White "Ochsner, Bjorn Moller"]
[Black "Horvath, Jozsef"]
[WhiteElo "2336"]
[BlackElo "2514"]
[Result "1-0"]
[PlyCount "99"]
[EventDate "2014.09.07"]

1. e4 c5 2. Nf3 e6 3. d4 cxd4 4. Nxd4 Nc6 5. Nc3 Qc7 6. Be3 Nf6 7. f4 Bb4 8.
Ndb5 Qa5 9. e5 Nd5 10. Bd2 Nxc3 11. Bxc3 O-O 12. Qd2 f6 13. exf6 Rxf6 14. a3
Bxc3 15. Nxc3 d5 16. O-O-O Rb8 17. Ne2 Qa4 18. Qc3 Bd7 19. g3 Rc8 20. Qd3 d4
21. Kb1 e5 22. Bg2 Bf5 23. Be4 Bxe4 24. Qxe4 Na5 25. fxe5 Rb6 26. Rxd4 Qxa3 27.
Qd5+ Kh8 28. Qd8+ Qf8 29. Qxf8+ Rxf8 30. Nf4 g5 31. Nd3 Rf7 32. Re1 Re6 33. Nc5
Re8 34. Rd5 Nc6 35. Ne4 h6 36. Nd6 Rd7 37. c4 Rxe5 38. Rdxe5 Nxe5 39. Rxe5 Rxd6
40. Re8+ Kg7 41. Re7+ Kg6 42. Rxb7 a6 43. c5 Rd5 44. Rb6+ Kh5 45. c6 a5 46. Rb3
Rd8 47. Ka2 Kg4 48. Rc3 Kf5 49. Ka3 Ke6 50. Ka4 1-0

[Event "XII Festival A"]
[Site "Amantea ITA"]
[Date "2014.09.08"]
[Round "2"]
[White "Rasmussen, Allan Stig"]
[Black "Draskovic, Luka"]
[WhiteElo "2517"]
[BlackElo "2337"]
[Result "1/2-1/2"]
[PlyCount "145"]
[EventDate "2014.09.07"]

1. e4 d6 2. d4 Nf6 3. Nc3 e5 4. Nf3 Nbd7 5. Bc4 Be7 6. O-O O-O 7. Re1 c6 8. a4
exd4 9. Nxd4 Ne5 10. Ba2 Re8 11. h3 Qa5 12. f4 Ng6 13. Be3 Bd7 14. Qd3 Bf8 15.
Nf3 Be6 16. Bxe6 Rxe6 17. b4 Qc7 18. Qc4 Re7 19. f5 Ne5 20. Nxe5 Rxe5 21. Bf4
Ree8 22. a5 Qe7 23. a6 b5 24. Qd4 d5 25. Rab1 dxe4 26. Bg5 Rad8 27. Qf2 Qd6 28.
Bxf6 Qxf6 29. Nxe4 Qe5 30. c3 Qd5 31. Qf3 Qc4 32. Re3 Kh8 33. Rbe1 Re5 34. Ng5
Rxe3 35. Rxe3 h6 36. Ne4 Qd5 37. Nf2 Qxf3 38. Rxf3 c5 39. Nd3 cxb4 40. cxb4 Rd6
41. Re3 Rxa6 42. Re8 Kg8 43. Nc5 Rd6 44. g4 Rd5 45. Ra8 a5 46. Rxa5 Bxc5+ 47.
bxc5 Rxc5 48. Kg2 h5 49. Kg3 hxg4 50. hxg4 Kh7 51. Kh4 f6 52. Ra7 Rc1 53. Rb7
Rb1 54. g5 Rh1+ 55. Kg4 Rg1+ 56. Kf4 Rxg5 57. Rxb5 Rg1 58. Rb2 Rh1 59. Kg4 Ra1
60. Rh2+ Kg8 61. Rb2 Ra4+ 62. Kf3 Rh4 63. Kg3 Rh1 64. Kf4 Kh7 65. Rg2 Rh4+ 66.
Kf3 Rb4 67. Rh2+ Kg8 68. Ra2 Rb7 69. Kg4 Kf7 70. Kf4 Ke7 71. Ra6 Rb4+ 72. Kf3
Rb3+ 73. Ke4 1/2-1/2

[Event "XII Festival A"]
[Site "Amantea ITA"]
[Date "2014.09.08"]
[Round "2"]
[White "Sumets, Andrey"]
[Black "Sanchez Enriquez, Oscar Gerardo"]
[WhiteElo "2618"]
[BlackElo "2383"]
[Result "1-0"]
[PlyCount "55"]
[EventDate "2014.09.07"]

1. d4 Nf6 2. c4 e6 3. Nf3 c5 4. d5 exd5 5. cxd5 g6 6. Nc3 d6 7. Nd2 Bg7 8. e4
O-O 9. Be2 Re8 10. O-O Nbd7 11. a4 Ne5 12. Re1 g5 13. Nf1 h6 14. Ng3 Ng6 15.
Qc2 Ng4 16. Nd1 Nh4 17. Bd2 Be5 18. Bxg4 Bxg4 19. Ne3 Qd7 20. Bc3 Bf3 21. gxf3
Qh3 22. Qe2 f5 23. Bxe5 g4 24. fxg4 fxe4 25. f4 dxe5 26. f5 Nf3+ 27. Kh1 Nxe1
28. Rxe1 1-0

[Event "XII Festival A"]
[Site "Amantea ITA"]
[Date "2014.09.08"]
[Round "2"]
[White "Sveshnikov, Vladimir"]
[Black "David, Alberto"]
[WhiteElo "2380"]
[BlackElo "2548"]
[Result "0-1"]
[PlyCount "100"]
[EventDate "2014.09.07"]

1. e4 c5 2. c3 d5 3. exd5 Qxd5 4. d4 Nf6 5. Nf3 e6 6. Na3 Nc6 7. Be3 cxd4 8.
Nb5 Qd7 9. Nbxd4 Nd5 10. Qc2 Qc7 11. O-O-O Bd7 12. Bg5 Nxd4 13. Rxd4 Bc5 14.
Rd2 O-O 15. Bc4 Nb6 16. Be2 Rac8 17. Rhd1 Ba4 18. b3 Bc6 19. c4 Bxf3 20. Bxf3
Qe5 21. Be3 Bxe3 22. fxe3 Rc7 23. Kb1 Qxe3 24. Rd8 f5 25. Qb2 Qc5 26. Rxf8+
Kxf8 27. Qe2 Kf7 28. g4 Re7 29. Qg2 a5 30. gxf5 exf5 31. Bxb7 g6 32. Bd5+ Nxd5
33. Rxd5 Re1+ 34. Kb2 Qe7 35. Rd2 Qe5+ 36. Ka3 Qc5+ 37. Kb2 Qe5+ 38. Ka3 Qe7+
39. Kb2 Re4 40. Qh3 h5 41. Qc3 Re5 42. a3 f4 43. Qf3 Qf6 44. Kc2 Kg7 45. Rf2
Re1 46. b4 a4 47. b5 Qf5+ 48. Kc3 Rb1 49. Qxf4 Rb3+ 50. Kd2 Qd3+ 0-1

[Event "XII Festival A"]
[Site "Amantea ITA"]
[Date "2014.09.09"]
[Round "3"]
[White "Bove, Alessandro"]
[Black "Rasmussen, Allan Stig"]
[WhiteElo "2302"]
[BlackElo "2517"]
[Result "1-0"]
[PlyCount "79"]
[EventDate "2014.09.07"]

1. e4 c5 2. Nf3 e6 3. d4 cxd4 4. Nxd4 a6 5. Nc3 Qc7 6. Qg4 b5 7. a3 Nf6 8. Qg3
d6 9. Bd3 Nbd7 10. O-O g6 11. a4 b4 12. Na2 e5 13. Nb3 Bb7 14. Re1 d5 15. exd5
Nxd5 16. Bd2 Bd6 17. c4 bxc3 18. Nxc3 f5 19. Rac1 Qd8 20. Nd4 Nxc3 21. Bxc3 Rc8
22. Bxf5 gxf5 23. Nxf5 Bb8 24. Rcd1 Rxc3 25. Qxc3 Qg5 26. Ng3 Rf8 27. Qb4 Bc6
28. Rxd7 Bxd7 29. Qxb8+ Kf7 30. Qd6 Bxa4 31. Ne4 Qf4 32. Qxa6 Bd7 33. g3 Qg4
34. Qf6+ Kg8 35. Qxe5 Qg6 36. Qg5 Qxg5 37. Nxg5 Rb8 38. Re2 h6 39. Ne4 Bh3 40.
f3 1-0

[Event "XII Festival A"]
[Site "Amantea ITA"]
[Date "2014.09.09"]
[Round "3"]
[White "Collutiis, Duilio"]
[Black "Sumets, Andrey"]
[WhiteElo "2476"]
[BlackElo "2618"]
[Result "0-1"]
[PlyCount "94"]
[EventDate "2014.09.07"]

1. e4 c6 2. d4 d5 3. exd5 cxd5 4. Bd3 Nc6 5. c3 Nf6 6. Bf4 g6 7. Nd2 Bg7 8.
Ngf3 Bf5 9. Bxf5 gxf5 10. h3 e6 11. Ne5 Ne4 12. Qa4 Bxe5 13. Bxe5 Rg8 14. Nxe4
fxe4 15. g4 Qg5 16. Bg3 f5 17. Qc2 f4 18. Bh2 e5 19. dxe5 O-O-O 20. O-O-O Nxe5
21. Kb1 Kb8 22. Qd2 Rgf8 23. Qd4 Qe7 24. Qd2 Qf6 25. Ka1 Nf3 26. Qe2 Qc6 27.
Kb1 a5 28. h4 h6 29. g5 hxg5 30. hxg5 Nxg5 31. Qg4 Qf6 32. Qh5 Qf5 33. Qe2 Nf3
34. Qb5 d4 35. Qxf5 Rxf5 36. cxd4 Rxd4 37. Rxd4 Nxd4 38. Rd1 Nf3 39. Rd8+ Ka7
40. Rh8 e3 41. fxe3 fxe3 42. Bb8+ Ka6 43. Re8 Nd4 44. b3 e2 45. Bg3 Rf3 46. Bh4
Rf1+ 47. Kb2 Nf3 0-1

[Event "XII Festival A"]
[Site "Amantea ITA"]
[Date "2014.09.09"]
[Round "3"]
[White "Damia, Angelo"]
[Black "Horvath, Csaba"]
[WhiteElo "2209"]
[BlackElo "2537"]
[Result "1/2-1/2"]
[PlyCount "74"]
[EventDate "2014.09.07"]

1. d4 d5 2. Nf3 Nf6 3. c4 dxc4 4. e3 e6 5. Bxc4 a6 6. O-O b5 7. Bb3 Bb7 8. a4
Nbd7 9. Nc3 b4 10. Na2 a5 11. Bc4 Bd6 12. b3 e5 13. Bb2 e4 14. Ne5 O-O 15. Nc1
Qe7 16. Nxd7 Nxd7 17. Qh5 Kh8 18. Ne2 f5 19. Nf4 Bxf4 20. exf4 Nb6 21. d5 Bxd5
22. Bxd5 Nxd5 23. Be5 c5 24. Rac1 Rad8 25. Qe2 Nc7 26. Qc4 Ne6 27. Rfd1 Rd7 28.
Rxd7 Qxd7 29. h3 Ra8 30. Kh2 h6 31. Rc2 Kh7 32. Rd2 Qxd2 33. Qxe6 Rf8 34. Qe7
Rf6 35. Bxf6 Qxf4+ 36. Kg1 Qc1+ 37. Kh2 Qf4+ 1/2-1/2

[Event "XII Festival A"]
[Site "Amantea ITA"]
[Date "2014.09.09"]
[Round "3"]
[White "David, Alberto"]
[Black "Farago, Ivan"]
[WhiteElo "2548"]
[BlackElo "2428"]
[Result "1-0"]
[PlyCount "59"]
[EventDate "2014.09.07"]

1. e4 e6 2. d4 d5 3. Nc3 Bb4 4. a3 Bxc3+ 5. bxc3 dxe4 6. Qg4 Nf6 7. Qxg7 Rg8 8.
Qh6 Rg6 9. Qe3 Bd7 10. Nh3 Ba4 11. Nf4 Rg8 12. Be2 Nbd7 13. O-O Qe7 14. f3 Bc6
15. fxe4 Bxe4 16. Bf3 Bxf3 17. Qxf3 O-O-O 18. a4 e5 19. Ba3 Qe8 20. a5 exd4 21.
cxd4 Qe4 22. Qxe4 Nxe4 23. Nd5 Rg5 24. c4 c6 25. Ne7+ Kc7 26. Bc1 Re8 27. Bxg5
Nxg5 28. Rae1 Kd8 29. Nf5 Rg8 30. Nd6 1-0

[Event "XII Festival A"]
[Site "Amantea ITA"]
[Date "2014.09.09"]
[Round "3"]
[White "Drasko, Milan"]
[Black "Estremera Panos, Sergio"]
[WhiteElo "2434"]
[BlackElo "2366"]
[Result "1/2-1/2"]
[PlyCount "127"]
[EventDate "2014.09.07"]

1. Nf3 c5 2. g3 Nc6 3. c4 g6 4. Bg2 Bg7 5. O-O d6 6. Nc3 e6 7. a3 Nge7 8. Rb1
b6 9. d3 Bb7 10. Bg5 h6 11. Bd2 Qd7 12. b4 Rd8 13. e4 g5 14. Ne1 Ng6 15. Qh5
Nd4 16. h3 Qe7 17. Nf3 Nxf3+ 18. Bxf3 O-O 19. Bg2 Bc6 20. Kh2 Be8 21. Qe2 Bc6
22. Rbe1 Kh7 23. b5 Bb7 24. Bh1 Rde8 25. f4 gxf4 26. gxf4 Qh4 27. Qg4 h5 28.
Qxh4 Nxh4 29. Ne2 Ng6 30. Ng3 h4 31. Nh5 Bh8 32. Rg1 Rg8 33. Rg5 f6 34. Rgg1
Ref8 35. Re2 Ne7 36. Rxg8 Rxg8 37. f5 Bc8 38. fxe6 Bxe6 39. Bc3 Rf8 40. Nf4 Bd7
41. Be1 f5 42. Bxh4 Be5 43. Bg3 Kh6 44. Rf2 fxe4 45. Bxe4 Nf5 46. Bxf5 Rxf5 47.
Kg2 Kg5 48. h4+ Kg4 49. Ne2 Rxf2+ 50. Kxf2 Bf5 51. Bxe5 dxe5 52. Ke3 Kxh4 53.
Nc3 Kg5 54. Nd5 Bd7 55. a4 Kf5 56. a5 bxa5 57. Nc3 Ke6 58. Ne4 Bc8 59. Kd2 Kd7
60. Kc3 Kc7 61. Nxc5 a6 62. Nxa6+ Bxa6 63. bxa6 Kb6 64. Kd2 1/2-1/2

[Event "XII Festival A"]
[Site "Amantea ITA"]
[Date "2014.09.09"]
[Round "3"]
[White "Draskovic, Luka"]
[Black "Delorme, Axel"]
[WhiteElo "2337"]
[BlackElo "2505"]
[Result "0-1"]
[PlyCount "70"]
[EventDate "2014.09.07"]

1. e4 e5 2. Nf3 Nc6 3. d4 exd4 4. Nxd4 g6 5. Nc3 Bg7 6. Be3 Nf6 7. Bc4 O-O 8.
O-O Re8 9. Nxc6 bxc6 10. Qf3 d6 11. h3 Be6 12. Bb3 Nd7 13. Rfd1 Qh4 14. Bd4 Ne5
15. Qe2 Bxh3 16. gxh3 Qxh3 17. Bxe5 Rxe5 18. Qe3 Qh5 19. Ne2 Bh6 20. Qd3 Qg4+
21. Ng3 Bf4 22. Kg2 Rae8 23. Qf3 Qg5 24. Re1 R8e7 25. Kf1 Qh4 26. Kg2 Qg5 27.
Kf1 h5 28. Ne2 Bd2 29. Red1 Rxe4 30. Ng3 Rf4 31. Qg2 Be3 32. Nh1 Rg4 33. Ng3 h4
34. fxe3 Rxg3 35. Qf2 Qg4 0-1